000 01105nam0a22002771 4500
001 v19\rc\1714593
005 20260407142746.0
035 _a(NLR Aleph) 004813642
090 _a4952146
_c4952146
100 _a20061002d1900 |||y0rusy50 ca
101 0 _arus
102 _aRU
105 _ay z |||c|
200 1 _aОчерк состояния и деятельности Военно-медицинской академии за период 1881-1894 годов
_fСост. учен. секр. Конф., орд. проф. А.П. Дианиным
210 _aСанкт-Петербург
_cтип. М. Меркушева (б. Н. Лебедева)
_d1900
215 _a45 с.
_d22
700 1 _aДианин
_bА.П.
_f1851-1918
_gАлександр Павлович
712 0 2 _aВоенно-медицинская академия
_cПетербург
_3RU\NLR\AUTH\8810013557
_9525018
801 0 _aRU
_bNLR
_gpsbo
801 0 _aRU
_bRuMoRGB
_2psbo
801 1 _aRU
_bProSoft-M
_2rusmarc
852 _aNLR
_j20.61.3.115
899 _aRuMoRGB
_jP 46/195
899 _aБАН
942 _cBOOK
980 _aNB